[Event "NRW Class2 0304"]
[Site "Germany"]
[Date "2004.01.11"]
[Round "5.2"]
[White "Brenke, Andreas"]
[Black "Wegener, Olaf"]
[Result "1/2-1/2"]
[WhiteElo "2404"]
[BlackElo "2402"]
[PlyCount "59"]
[EventDate "2003.09.28"]
[EventType "team"]
[EventRounds "9"]
[EventCountry "GER"]
[SourceTitle "CBM 098 Extra"]
[Source "ChessBase"]
[SourceDate "2004.03.10"]
[SourceVersion "2"]
[SourceVersionDate "2004.03.10"]
[SourceQuality "1"]
[WhiteTeam "Lippstadt Turm"]
[BlackTeam "Brackel"]
[WhiteTeamCountry "GER"]
[BlackTeamCountry "GER"]

1. d4 Nf6 2. c4 e6 3. Nf3 b6 4. Nc3 Bb4 5. Bg5 Bb7 6. Nd2 h6 7. Bh4 c5 8. a3 cxd4 9. axb4 dxc3 10. bxc3 0-0 11. e4 g5 12. Bg3 Nxe4 13. Nxe4 Bxe4 14. Bd6 Qf6 15. Qd4 Qxd4 16. cxd4 Nc6 17. f3 Bg6 18. Bxf8 Kxf8 19. Kd2 Nxd4 20. Kc3 Nc6 21. b5 Na5 22. Be2 Rc8 23. Kb4 Ke7 24. Rhc1 d6 25. Rd1 e5 26. Rd2 Bf5 27. Rad1 Nb7 28. Ra1 Na5 29. Rad1 Nb7 30. Ra1 1/2-1/2

[Event "Lippstadt 11th"]
[Site "Lippstadt"]
[Date "2003.08.11"]
[Round "5"]
[White "Maiwald, Jens Uwe"]
[Black "Brenke, Andreas"]
[Result "1-0"]
[WhiteElo "2517"]
[BlackElo "2404"]
[PlyCount "147"]
[EventDate "2003.08.07"]
[EventType "tourn"]
[EventRounds "11"]
[EventCountry "GER"]
[EventCategory "9"]
[SourceTitle "CBM 097"]
[Source "ChessBase"]
[SourceDate "2003.11.11"]
[SourceVersion "1"]
[SourceVersionDate "2003.11.11"]
[SourceQuality "1"]

1. e4 c5 2. d3 Nc6 3. g3 g6 4. Bg2 Bg7 5. f4 d6 6. Nf3 e5 7. Nc3 exf4 8. Bxf4 Nge7 9. 0-0 0-0 10. Qd2 Ne5 11. Bh6 Nxf3+ 12. Rxf3 Qb6 13. Bxg7 Kxg7 14. b3 Qb4 15. Raf1 Be6 16. Rf4 Qd4+ 17. Kh1 Qe5 18. Ne2 Rad8 19. Ng1 Qb2 20. Rh4 h5 21. Ne2 Bg4 22. Nc3 f6 23. h3 g5 24. hxg4 gxh4 25. gxh5 hxg3 26. Bf3 b5 27. Rb1 Qa3 28. Rg1 Qb4 29. Rxg3+ Kh7 30. a3 Qd4 31. Nxb5 Qe5 32. Rg4 Rg8 33. Qf4 Rxg4 34. Qxe5 fxe5 35. Bxg4 a6 36. Nc3 Kh6 37. Kg2 Kg5 38. Kg3 Rf8 39. Bf3 Nc6 40. Ne2 Nd4 41. Nxd4 cxd4 42. Be2 a5 43. a4 Rf7 44. Bf3 Rc7 45. Bd1 Rc8 46. Kf2 Kf4 47. Ke2 Rg8 48. Kd2 Rg2+ 49. Kc1 Ke3 50. h6 Rh2 51. Bg4 Rxh6 52. b4 axb4 53. Kb2 Kd2 54. Bd7 Rh7 55. Bb5 Rh2 56. a5 Kd1 57. Kb3 Rxc2 58. a6 Rc7 59. Kxb4 Kc2 60. Ka5 Rh7 61. Kb6 Kc3 62. a7 Rh8 63. Ba6 Kd2 64. Kc7 Kc3 65. Bb5 Rg8 66. Bc4 Rh8 67. Ba6 Kd2 68. Bc8 Rh7+ 69. Bd7 Rh8 70. Bb5 Kc3 71. Bc4 Kd2 72. Kxd6 Ra8 73. Kxe5 Rxa7 74. Kxd4 1-0